01131nas a2200277Ia 4500001002600000003001000026008004100036040002500077041001300102100002500115210003100140222003100171245010400202250001100306260000900317501012300326300001600449362001200465500007600477650004600553700001100599942000700610957000600617999003300623952019700656dp5/11-26504 [d000003035]IT-MiCISF161014c99999999xx |||||||||||| ||und|| aIT-MiCISFcIT-MiCISF aITALIANO aSpezzibottiani Mario aRivista diocesana milanese aRivista diocesana milanese 0aPresentazione del vademecum per i confessori su alcuni temi di morale attinenti alla vita coniugale a1a ed. c1997 bCISF - Centro Internazionale Studi Famiglia - Via Giotto, 36 20145 MILANO (non commercial uses only)cCopyright 2016 app. 920-942 a [1997] a Tema: operatori-pastorali, pastorale-sacramenti, matrimonio-sacramento aPASTORALE - pastorale familiarevarticolo aAA.VV. cCR 71 a26504bSig1c218325d218325 0010406DP_5_000000000000000_1126504_D00000303571aCISFbCISFd2016-10-14l0odp5/11-26504 [d000003035]r2016-10-14 00:00:00w2016-10-14yCRzData import 15.10.2016 / by Epidotti, Vaglietti